000 00826cam a2200265 a 4500
001 000014859
005 20200929163917.0
008 760317s1970 ve 000 0 spa d
035 _a(DLC) 62050457
035 _a(OCoLC)2055673
040 _aDO-SdBNP
_cNcU
_dDLC
_dBNPHU
082 _a301.987
_bA339s, 1970
100 1 _aAlbornoz, Orlando,
_d1932-
_929047
245 1 3 _aLa sociología en Venezuela :
_bensayo /
_cOrlando Albornoz.
250 _a2a ed.
260 _aCaracas :
_bMonte Ávila,
_c1970.
300 _a240 p. ;
_c20 cm.
490 1 _aTemas venezolanos
504 _aIncluye bibliografía (p. 259).
650 4 _aSociología
_zVenezuela
_xHistoria
_933668
650 4 _aVenezuela
_zCondiciones Sociales
_933669
830 0 _aTemas venezolanos
_96823
910 _aCatalogación derivada / LC
049 _aBNGR
999 _c14439
_d14439